000 01226nam a2200265Ia 4500
999 _c49625
_d49625
001 16557
003 GE_BSU
005 20250127160447.0
008 181216s2013||||ge |||||||||||||| ||geo||
020 _a978-9941-16-187-2
040 _cGE_BSU
041 _ageo
080 _a821.161.1-31 დ-77
100 _aდოსტოევსკი, ფ. (ფიოდორ, 1821-1881)
_924130
245 _aიდიოტი :
_b[რომანი] /
_cთედორე დოსტოევსკი ; თარგმნა რუსუდან ქებულაძემ ; მხატვ. სპარტაკ ცინცაძე.
264 _aთბილისი :
_bსაქართველოს მაცნეს" გამ-ბა და სტ.,
_c2013.
300 _a664 გვ. ;
_c21 სმ.
490 _aოქროს ბიბლიოთეკა :
_v წ. 23
500 _aშენიშვნები : გვ. 651-662
541 _h16ლ.
653 _aიდიოტი
700 _aქებულაძე, რუსუდან
_e მთარგმნელი
_924137
700 _aცინცაძე, სპარტაკ
_eმხატვარი
_94
942 _cBK
_2udc